000 00625nam a2200205 i 4500
001 22285
003 ES-MaACL
005 20240127062956.0
007 t|
008 021202s1861 fr ||||1| ita d
080 _a821.131.1-13"12"
100 0 _aDante Alighieri,
_d1265-1321
_942657
245 1 3 _aLa divina commedia.
_nI,
_pL'inferno /
_cdi Dante Alighieri ; colle figure di G. Doré.
260 _aParigi :
_bL. Hachette e Cia.,
_c1861 (
_fG. Lahre e Cia.)
300 _a1 v. ;
_c44 cm.
700 1 _aDoré, Gustave.
_945388
740 2 2 _aL'inferno.
852 _aES-MaACL
_jB-7756
999 _c22285
_d22285